000 00572nam a2200241 a 4500
001 nice12345678
003 IN_TiNIC
005 20260116012931.0
008 050524s1917 teha grp 000 0 ara
020 _a
_c100
082 0 0 _a492.75
_bMOI
100 _aMoin, Mohammad
245 _aMufarad-O-Jama-O-Marifa-O-Nakra
260 _aTehran
_bDanishgah Press
_c1917
300 _a310p
500 _aincludes index and biblioraphy
505 2 _aIndex
650 _aArabic-Grammar
700 1 _aMoin, Mohammad
902 _bSRS
942 _cBK
999 _c8952
_d8952